| 000 | 01726cam a22001934a 4500 | ||
|---|---|---|---|
| 005 | 20250605164340.0 | ||
| 008 | 250528s ||||||||||||||||||||||||d | ||
| 035 | _a23577 | ||
| 040 |
_aGR-AtMCL _bgre _dGR-AtMCL _eAACR2 |
||
| 245 | 1 | _aΟργανωσιακή Αλλαγή, Αντίσταση των Εργαζομένων στην Αλλαγή και Στρατηγικές Διαχείρισης της Αλλαγής/Η Περίπτωση του British Council στην Ελλάδα | |
| 260 | _c2015 | ||
| 300 | _a61 | ||
| 520 | _aΕισαγωγή, Βιβλιογραφική Επισκόπηση, Αποσαφήνιση Όρων, Οργανωσιακή Αλλαγή στους Σύγχρονους Οργανισμούς, Διοίκηση Αλλαγής και ο Ρόλος της Ηγεσίας, Στάσεις Εργαζομένων στην Αλλαγή, Συμπερασματικές Επισημάνσεις, Ερευνητική Μεθοδολογία, Παρουσίαση Οργανισμού, Διαδικασία Επιλογής Ερευνητικής Μεθόδου, Κύρια Ερευνητικά Ερωτήματα, Μέθοδος Ανάλυσης Δεδομένων, Δειγματολογικό Πλαίσιο, Ερευνητικό Εργαλείο, Υλοποίηση Έρευνας, Αποτελέσματα Έρευνας, Περιγραφικά Αποτελέσματα, Αποτελέσματα Επαγωγικής Στατιστικής, Συζήτηση, Συμπεράσματα, Προτάσεις, Βιβλιογραφία. | ||
| 700 | 1 |
_aΔρ. Κιτωνάκης Νίκος _99160 |
|
| 700 | 1 |
_aΚλαδάκη Ειρήνη _99164 |
|
| 942 | _cDS | ||
| 999 |
_c8578 _d8578 |
||